| 000 | 00438nam a2200145 a 4500 | ||
|---|---|---|---|
| 001 | 1693 | ||
| 003 | CDMR | ||
| 005 | 20130116135213.0 | ||
| 008 | 130130s1991||||||||||||||||||||||||||||d | ||
| 040 |
_aCDMR _bcat _cCDMR |
||
| 111 | 2 |
_aEncuentro Iberoamericano de Comunicación _cMérida _d1990 _n5º _91260 |
|
| 245 | 1 | 0 | _aInnovación tecnológica y comunicación |
| 260 |
_c1991 _bSociedad Estatal Quinto Centenario _bJunta Extremadura |
||
| 942 | _cMON | ||
| 999 |
_c1693 _d1693 |
||